Agricultura de conservación: el grano para el hombre, la paja para el suelo

Guardat en:
Dades bibliogràfiques
Autor principal: Crovetto Lamarca, Carlos (Autor)
Format: Llibre
Idioma:espanyol
Publicat: Madrid Eumedia 1999
Col·lecció:Colección Vida Rural
Matèries:
Etiquetes: Afegir etiqueta
Sense etiquetes, Sigues el primer a etiquetar aquest registre!

MARC

LEADER 00000nam a2200000 a 4500
001 UCM0758
003 CL-VaPUC
008 020308e19990500SP |||||||||||||||||spa|d
082 0 4 |a 630  |b CRO  |2 21 
100 |a Crovetto Lamarca, Carlos  |e author  |9 467722 
245 1 0 |a Agricultura de conservación: el grano para el hombre, la paja para el suelo 
300 |a 316 p 
942 |c BK 
945 |d 20020308 00:00:00  |a cmena 
260 |a Madrid  |b Eumedia  |c 1999 
650 7 |a RECURSOS AGRICOLAS  |2 CL-VaPUC  |9 404975 
650 7 |a CERO LABRANZA  |2 CL-VaPUC  |9 467723 
650 7 |a METODOS DE CULTIVO  |2 CL-VaPUC  |9 467724 
650 0 |a Conservación del suelo  |9 363984 
583 |a last modification  |c 20140410 07:08:46  |k Rodrigo Vera 
490 0 |a Colección Vida Rural 
999 |c 299590  |d 299588 
952 |0 0  |1 0  |4 0  |6 630_000000000000000_CRO_1999  |7 0  |8 A  |9 356294  |a BIBAGR  |b BIBAGR  |d 2019-11-21  |i 3795608  |o 630 CRO 1999  |p 3795608  |r 2025-01-20  |w 2019-11-21  |y BK  |k AGR 
952 |0 0  |1 0  |4 0  |6 630_000000000000000_CRO_1999  |7 0  |8 A  |9 356295  |a BIBAGR  |b BIBAGR  |d 2019-11-21  |i 4655990  |o 630 CRO 1999  |p 4655990  |r 2025-01-20  |w 2019-11-21  |y BK  |k AGR